DIGITAL LOGIC AND COMPUTER DESIGN (Record no. 22907)
[ view plain ]
| 000 -LEADER | |
|---|---|
| fixed length control field | 00240nam a2200097Ia 4500 |
| 008 - FIXED-LENGTH DATA ELEMENTS--GENERAL INFORMATION | |
| fixed length control field | 170619s9999 xx 000 0 und d |
| 100 ## - MAIN ENTRY--PERSONAL NAME | |
| Personal name | MANO- MORRIS M |
| 245 #0 - TITLE STATEMENT | |
| Title | DIGITAL LOGIC AND COMPUTER DESIGN |
| 260 ## - PUBLICATION, DISTRIBUTION, ETC. | |
| Name of publisher, distributor, etc. | PEARSON EDU. DELHI |
| 260 ## - PUBLICATION, DISTRIBUTION, ETC. | |
| Date of publication, distribution, etc. | 2002 |
| 546 ## - LANGUAGE NOTE | |
| Language note | ENGLISH |
| Withdrawn status | Lost status | Source of classification or shelving scheme | Damaged status | Not for loan | Home library | Current library | Date acquired | Source of acquisition | Cost, normal purchase price | Total Checkouts | Barcode | Date last seen | Price effective from | Koha item type | Date last checked out |
|---|---|---|---|---|---|---|---|---|---|---|---|---|---|---|---|
| IIMT Engineering College-MCA | IIMT Engineering College-MCA | 06/23/2017 | 33 | 195.00 | 14-B-243 | 06/23/2017 | 06/23/2017 | Text-Book- for 7 days | |||||||
| IIMT Engineering College-MCA | IIMT Engineering College-MCA | 06/23/2017 | 33 | 195.00 | 1 | 14-B-244 | 01/10/2020 | 06/23/2017 | Book Bank | 09/13/2019 | |||||
| IIMT Engineering College-MCA | IIMT Engineering College-MCA | 06/23/2017 | 33 | 195.00 | 1 | 14-B-245 | 01/10/2020 | 06/23/2017 | Book Bank | 09/13/2019 | |||||
| IIMT Engineering College-MCA | IIMT Engineering College-MCA | 06/23/2017 | 33 | 195.00 | 1 | 14-B-246 | 01/14/2020 | 06/23/2017 | Book Bank | 10/10/2019 | |||||
| IIMT Engineering College-MCA | IIMT Engineering College-MCA | 06/23/2017 | 33 | 195.00 | 1 | 14-B-247 | 01/13/2020 | 06/23/2017 | Book Bank | 09/12/2019 |

